000 00363pam a2200157a 44500
008 230515b1986 xxu||||| |||| 00| 0 eng d
020 _aNULL
041 _aENGLISH
082 _aN.D.
100 _aPAGVIN J.R. / CROWLEY R.E.
245 _aDIE DESIGN FUNDAMENTALS
250 _a0
260 _aNULL
_bINDUSTRIAL PRESS
_c1986
300 _a244
650 _aNULL
999 _c576974
_d576974